| 000 | 01373nam2a22002411 4500 | ||
|---|---|---|---|
| 001 | rc\2140879 | ||
| 005 | 20250623092432.0 | ||
| 035 | _a(NLR Aleph) 006701955 | ||
| 090 |
_a5253423 _c5253423 |
||
| 100 | _a20110829d1978 |||y0rusy50 ca | ||
| 101 | 0 | _arus | |
| 102 | _aRU | ||
| 105 | _ay z ||||| | ||
| 200 | 0 |
_aВып. 2 _fР.В. Кугель, д.т.н., проф. |
|
| 210 |
_d1978 _aБ. м. |
||
| 215 |
_a62 с. _cграф. |
||
| 320 | _aСписок лит.: с. 60-61 (25 назв.) | ||
| 461 | 0 |
_1001rc\2140877 _12001#$aИз опыта изучения надежности машин$e(Материалы лекций, прочит. в Политехн. музее на семинаре по надежности и прогрессив. методам контроля качества продукции)$vВып. 2 _1700#1$aКугель$bР.В.$gРафаил Викторович _95253406 _aКугель, Р.В. _cМосква _d1978- _nЗнание _o(Материалы лекций, прочит. в Политехн. музее на семинаре по надежности и прогрессив. методам контроля качества продукции) _tИз опыта изучения надежности машин _vВып. 2 |
|
| 801 | 0 |
_aRU _bNLR _gpsbo |
|
| 801 | 1 |
_aRU _bELAR _2rusmarc |
|
| 852 |
_aNLR _j78-4/14854 |
||
| 942 | _cBOOK | ||
| 980 | _aNB | ||